তাজউদ্দীন আহমেদের ডায়েরি, চতুর্থ খণ্ড, ১৯৫২ /
Diary of Tājauddina Āhamada, died 1975, prime minister of Bangladesh; autobiographical, translated from English original.
| Main Author: | |
|---|---|
| Format: | Book |
| Language: | Bengali English |
| Published: |
ঢাকা :
প্রতিভাস,
২০১০.
|
| Subjects: | |
| Classic Catalogue: | View this record in Classic Catalogue |
| LEADER | 01895nam a2200409 a 4500 | ||
|---|---|---|---|
| 001 | 38877 | ||
| 003 | BD-DhAAL | ||
| 005 | 20221206170825.0 | ||
| 008 | 220707t2010 bg 001 0aben d | ||
| 999 | |c 44553 |d 44553 | ||
| 010 | |a 99956604 | ||
| 020 | |a 9789848938003 (v. 4) | ||
| 025 | |a B-B-99-956604; 020 | ||
| 035 | |a (DLC) 99956604 | ||
| 037 | |b Library of Congress -- New Delhi Field Office |c Tk180.00 (v. 1 : varies for each vol.) | ||
| 040 | |a DLC |c DLC |d BD-DhAAL | ||
| 041 | 1 | |a ben |h eng | |
| 042 | |a lcode | ||
| 043 | |a a-bg--- | ||
| 050 | 0 | 0 | |a DS395.7.A34 |b A3 1999 |
| 082 | |a 954.9205092 |2 23 | ||
| 100 | 1 | |a আহমেদ, তাজউদ্দীন, |d ১৯২৫-১৯৭৫. |9 49902 | |
| 245 | 1 | 0 | |a তাজউদ্দীন আহমেদের ডায়েরি, |n চতুর্থ খণ্ড, ১৯৫২ / |c অনুবাদ বেলাল চৌধুরী |
| 246 | |a Tajuddin Ahmader dairy | ||
| 260 | |a ঢাকা : |b প্রতিভাস, |c ২০১০. | ||
| 300 | |a ২৭২ পৃষ্ঠা ; |c ২২ সে.মি. | ||
| 362 | |a Vol. 4 | ||
| 505 | 1 | |a 1. khaṇḍa. 1947-1948 -- 2. khaṇḍa. 1949-1950 -- 3. khaṇḍa. 1951 -- 4. khaṇḍa. 1952 -- 5. khaṇḍa. 1954 | |
| 520 | |a Diary of Tājauddina Āhamada, died 1975, prime minister of Bangladesh; autobiographical, translated from English original. | ||
| 541 | |a Donated By Akbar Ali Khan |e 38877 | ||
| 546 | |a In Bengali. | ||
| 600 | 1 | 0 | |a Ahmed, Tajuddin, |d 1925-1975 |v Diaries. |9 49903 |
| 650 | 0 | |a Prime ministers |v Biography |z Bangladesh. |9 49904 | |
| 650 | 0 | |a Politicians |v Biography |z Bangladesh. |9 49905 | |
| 852 | |a Ayesha Abed Library |c Akbar Ali Khan Collection | ||
| 942 | |2 ddc |c BK | ||
| 952 | |0 0 |1 0 |2 ddc |4 0 |6 954_920509200000000_AHM |7 1 |9 71230 |a BRACUL |b BRACUL |c AAKC |d 2022-07-07 |e Donated by Akbar Ali Khan |l 0 |o 954.9205092 AHM |p 3010038877 |r 2022-07-07 |t 1 |w 2022-07-07 |y BK | ||